LDR 00726naa#a2200181#i#450# 001 EN\\bibl\118727 005 20260517083411.7 011 ## _a1994-4683 100 ## _a20230428b2023####ek#y0engy0150####ca 102 ## _aRU 200 1# _aPHYSICAL CULTURE AS AN ELEMENT OF CORPORATE CULTURE OF ORGANIZATION _eJournal article 210 1# _aMoscow _cNational State University of Physical Education, Sports and Health named after P.F. Lesgaft _d2023 215 ## _a3 с. 608 ## _aJournal article _2local 675 ## _aФилософские и научно-теоретические основы физической культуры и спорта. 796.011 _z 700 #1 _aNikolaev _gP P 700 #1 _aLevchenko _gA V 856 4# _auchzapiski.lesgaft.spb.ru _u